Normal view
MARC view
- Conference on World Economic Outlook for the 1990s.
Entry Meeting Name
001 - CONTROL NUMBER
- control field: 3470
003 - CONTROL NUMBER IDENTIFIER
- control field: OSt
005 - DATE AND TIME OF LATEST TRANSACTION
- control field: 20101209102517.0
008 - FIXED-LENGTH DATA ELEMENTS
- fixed length control field: 101209|||a|||||| | ||| d
040 ## - CATALOGING SOURCE
- Original cataloging agency: OSt
- Transcribing agency: OSt
111 ## - HEADING--MEETING NAME
- Meeting name or jurisdiction name as entry element: Conference on World Economic Outlook for the 1990s.
- Location of meeting: The U.S. and New Jersey
670 ## - SOURCE DATA FOUND
- Source citation: Work cat.: (OSt): Amar, A. D., ed. 3468, World economic outlook for the nineties., 1991.
670 ## - SOURCE DATA FOUND
- Source citation: Work cat.: (OSt): Amar, A. D., ed. 3468, World economic outlook for the nineties., 1991.
